Państwa członkowskie NATO - Sudden Death. - Statystyki

Ogólne statystyki
  • Ten quiz został rozwiązany 22 razy
  • Średni wynik to 13 z 32
Answers on the Grid
Answers color-coded by a green-red scale on the quiz's grid according to % correct below.
Albania
Austria
Belgia
Białoruś
Bośnia i Hercegowina
Bułgaria
Chorwacja
Czarnogóra
Czechy
Dania
Estonia
Finlandia
Francja
Grecja
Gruzja
Hiszpania
Holandia
Irlandia
Islandia
Kanada
Kazachstan
Litwa
Łotwa
Luksemburg
Macedonia Północna
Meksyk
Mołdawia
Niemcy
Norwegia
Polska
Portugalia
Rosja
Rumunia
Serbia
Słowacja
Słowenia
Stany Zjednoczone
Szwajcaria
Szwecja
Turcja
Ukraina
Węgry
Wielka Brytania
Włochy
 
Statystyki odpowiedzi
Odpowiedź % Poprawnych
Dania
69%
Francja
69%
Grecja
69%
Hiszpania
63%
Belgia
56%
Czechy
56%
Finlandia
50%
Holandia
50%
Polska
50%
Portugalia
50%
Stany Zjednoczone
50%
Węgry
50%
Chorwacja
44%
Estonia
44%
Słowacja
44%
Włochy
44%
Bułgaria
38%
Niemcy
38%
Wielka Brytania
38%
Kanada
31%
Litwa
31%
Luksemburg
31%
Rumunia
31%
Słowenia
31%
Szwecja
31%
Turcja
31%
Albania
19%
Islandia
19%
Łotwa
19%
Czarnogóra
13%
Macedonia Północna
13%
Norwegia
13%
Nie znaleziono quizów pasujących do podanych kryteriów
Rozkład punktacji
Procent ludzi z każdym wynikiem
Percentyl według liczby udzielonych odpowiedzi
Twoja historia wyników
Nie rozwiązałeś tego quizu